<?xml version="1.0" encoding="UTF-8"?><?xml-stylesheet type="text/xsl" href="static/style.xsl"?><OAI-PMH xmlns="http://www.openarchives.org/OAI/2.0/" xmlns:xsi="http://www.w3.org/2001/XMLSchema-instance" xsi:schemaLocation="http://www.openarchives.org/OAI/2.0/ http://www.openarchives.org/OAI/2.0/OAI-PMH.xsd"><responseDate>2026-04-17T02:19:39Z</responseDate><request verb="GetRecord" identifier="oai:www.recercat.cat:10230/47268" metadataPrefix="marc">https://recercat.cat/oai/request</request><GetRecord><record><header><identifier>oai:recercat.cat:10230/47268</identifier><datestamp>2025-12-20T17:05:07Z</datestamp><setSpec>com_2072_6</setSpec><setSpec>col_2072_452952</setSpec></header><metadata><record xmlns="http://www.loc.gov/MARC21/slim" xmlns:dcterms="http://purl.org/dc/terms/" xmlns:xsi="http://www.w3.org/2001/XMLSchema-instance" xmlns:doc="http://www.lyncode.com/xoai" xsi:schemaLocation="http://www.loc.gov/MARC21/slim http://www.loc.gov/standards/marcxml/schema/MARC21slim.xsd">
   <leader>00925njm 22002777a 4500</leader>
   <datafield ind2=" " ind1=" " tag="042">
      <subfield code="a">dc</subfield>
   </datafield>
   <datafield ind2=" " ind1=" " tag="720">
      <subfield code="a">Casino, Gonzalo, 1961-</subfield>
      <subfield code="e">author</subfield>
   </datafield>
   <datafield ind2=" " ind1=" " tag="260">
      <subfield code="c">2021-04-30T08:51:20Z</subfield>
   </datafield>
   <datafield ind2=" " ind1=" " tag="260">
      <subfield code="c">2021-04-30T08:51:20Z</subfield>
   </datafield>
   <datafield ind2=" " ind1=" " tag="260">
      <subfield code="c">2018</subfield>
   </datafield>
   <datafield ind2=" " ind1=" " tag="520">
      <subfield code="a">Las citas periodísticas de revistas, autores y artículos científicos se han utilizado avant la letre para estudiar el impacto de la ciencia en la prensa generalista y algunas características del periodismo científico. En este artículo se revisa el estado de la cuestión y se perfilan los conceptos de cita periodística e impacto mediático por analogía con los de cita científica e impacto científico, estableciendo sus similitudes y diferencias. Se analizan las posibilidades de investigación que ofrece el recuento de citas periodísticas y el desarrollo de indicadores del impacto mediático de la ciencia. El análisis de citas periodísticas pre-senta ventajas frente a las métricas alternativas o altmétricas, pues la prensa es el principal productor de noticias y ofrece un producto más consolidado y con un filtro profesional. También presenta limitaciones, principalmente por la falta de una base de datos de citas periodísticas de las revistas científicas en la prensa generalista internacional.</subfield>
   </datafield>
   <datafield ind2=" " ind1=" " tag="520">
      <subfield code="a">The news media’s citations of journals, authors, and papers have been used avant la letre to study the impact of science in the lay press and some characteristics of scientific journalism. In this paper, the concepts of press citation and media impact are outlined by analogy to those of scientific citation and scientific impact, establishing their similarities and differences. Some possibilities of study using press citations counts are also outlined, as well as the development of new bibliometric indicators to measure the media impact of science. The analysis of press citations has advantages over alternative metrics (altmetrics) because the press is the main news producer and offers a more consolidated product with a professional filter. However, press citations also have some limitations, mainly the lack of a database of press citations from scientific journals in the international lay press.</subfield>
   </datafield>
   <datafield tag="653" ind2=" " ind1=" ">
      <subfield code="a">Análisis de citas</subfield>
   </datafield>
   <datafield tag="653" ind2=" " ind1=" ">
      <subfield code="a">Bibliometría</subfield>
   </datafield>
   <datafield tag="653" ind2=" " ind1=" ">
      <subfield code="a">Periodismo científico</subfield>
   </datafield>
   <datafield tag="653" ind2=" " ind1=" ">
      <subfield code="a">Prensa generalista</subfield>
   </datafield>
   <datafield tag="653" ind2=" " ind1=" ">
      <subfield code="a">Citas periodísticas</subfield>
   </datafield>
   <datafield tag="653" ind2=" " ind1=" ">
      <subfield code="a">Impacto mediático</subfield>
   </datafield>
   <datafield tag="653" ind2=" " ind1=" ">
      <subfield code="a">Indicadores</subfield>
   </datafield>
   <datafield tag="653" ind2=" " ind1=" ">
      <subfield code="a">Altmetrics</subfield>
   </datafield>
   <datafield tag="653" ind2=" " ind1=" ">
      <subfield code="a">Citation analysis</subfield>
   </datafield>
   <datafield tag="653" ind2=" " ind1=" ">
      <subfield code="a">Bibliometrics</subfield>
   </datafield>
   <datafield tag="653" ind2=" " ind1=" ">
      <subfield code="a">Scientific journalism</subfield>
   </datafield>
   <datafield tag="653" ind2=" " ind1=" ">
      <subfield code="a">Lay press</subfield>
   </datafield>
   <datafield tag="653" ind2=" " ind1=" ">
      <subfield code="a">Press citations</subfield>
   </datafield>
   <datafield tag="653" ind2=" " ind1=" ">
      <subfield code="a">Media impact</subfield>
   </datafield>
   <datafield tag="653" ind2=" " ind1=" ">
      <subfield code="a">Indicators</subfield>
   </datafield>
   <datafield tag="653" ind2=" " ind1=" ">
      <subfield code="a">Altmetrics</subfield>
   </datafield>
   <datafield ind2="0" ind1="0" tag="245">
      <subfield code="a">Cita periodística: impacto de las revistas y los artículos científicos en la prensa generalista</subfield>
   </datafield>
   <datafield ind2="0" ind1="0" tag="245">
      <subfield code="a">Press citation: the impact of scientific journals and research articles on news media</subfield>
   </datafield>
</record></metadata></record></GetRecord></OAI-PMH>